000
00310nam a22001457a 4500
008
210511b ||||| |||| 00| 0 eng d
020
_a
9780913383872
041
_a
eng
080
_a
612.39
082
_a
612.39
100
_a
10
101
_a
NUT
245
_a
A Slice of Kentucky
_c
Lakes
942
_2
udc
_c
BK
999
_c
57263
_d
57263